|
|
|
|
| LEADER |
00000nab a2200000 a 4500 |
| 001 |
vtls000677305 |
| 003 |
SK-MaSNL |
| 005 |
20260318115030.0 |
| 008 |
160401c1998 xo 0 ukr |
| 015 |
|
|
|a SNBRA1998/11-24841
|
| 035 |
|
|
|a CLN000029474
|
| 040 |
|
|
|a SNKBUCL
|b slo
|c SNKBUCL
|e AACR2
|
| 041 |
0 |
|
|a ukr
|
| 044 |
|
|
|a xo
|c SK
|
| 080 |
|
|
|a 373.54(437.6=82=875)
|2 1997
|
| 080 |
|
|
|a 371.7
|2 1997
|
| 100 |
1 |
|
|a Pyteľ, Michal,
|d 1916-2006
|4 aut
|9 140789
|
| 245 |
1 |
0 |
|a Nelehkyj šljach do navčannja
|c Mychajlo Pyteľ
|
| 300 |
|
|
|b Fotogr.
|
| 610 |
|
7 |
|a Štátne ruské gymnázium (Humenné, Slovensko)
|2 snkbucl
|9 702378
|
| 650 |
0 |
7 |
|a vzdelávanie stredoškolské
|x obdobie povojnové
|z Humenné (Slovensko)
|2 snkbucl
|9 1619969
|
| 651 |
|
7 |
|a Humenné (Slovensko : okres)
|2 snkbucl
|9 22484
|
| 655 |
|
7 |
|a články z novín a časopisov
|2 snkbucl
|9 267496
|
| 773 |
0 |
|
|t Nove žyttja
|g Roč. 48, č. 21-22 (1998), s. 4
|
| 850 |
|
|
|a Slovenská národná knižnica v Martine
|
| 852 |
|
|
|a SNK
|b KIS3GCP
|
| 958 |
|
|
|a UK
|
| 958 |
|
|
|a SK
|
| 958 |
|
|
|a RBX
|
| 999 |
|
|
|c 3338043
|d 3339973
|